00730nam a2200205 a 45000010005000000030005000050050017000100080041000270200015000680400020000831000023001032450100001262460105002262600034003314900017003656500030003826500060004126500020004726500032004921903CDMR20131210125401.0130130s1981||||||||||||||||||||||||||||d a8425210593 aCDMRbcatcCDMR1 aHamelink, Cees Jan13aLa aldea transnacionalb: el papel de los trusts en la comunicación mundialcCees J. HAmelink aThe Corporative Villageb: the role of the transnational corporations in international communication aBarcelonac1981bGustavo Gili0 aGG MassMedia04aConcentració industrial04aMitjans de comunicació de massaxAspectes econòmics04aGlobalització04aComunicació internacional